000 00271nam a2200109Ia 4500
008 190914s9999||||xx |||||||||||||| ||und||
100 _aS.M.Yousr,Dr.
245 0 _aCaculus With Analytic Geometry
260 _aNew Delhi
_bBantam Books Inc
_c2002
300 _a66
942 _cBK
999 _c9157
_d9157